Estadísticas para Banderas de Europa que Contienen una Cruz

Haz click aquí para intentar la prueba.

Estadísticas generales

  • Esta prueba ha sido intentada 2.867 veces
  • La puntuación promedio es 8 de 10

Estadísticas de respuestas

país% Correcto
Suecia
95%
Finlandia
93%
Noruega
93%
Dinamarca
90%
Islandia
86%
Suiza
81%
Reino Unido
80%
Malta
64%
Grecia
61%
Eslovaquia
46%

Distribución de puntuación

Porcentaje por número respondido

Porcentaje de gente con cada puntuación

Historial de tus puntuaciones

No has intentado esta prueba.